| 000 | 01168cam a2200277 a 4500 | ||
|---|---|---|---|
| 001 | 4476580 | ||
| 005 | 20040831165033.0 | ||
| 008 | 910815s1991 sz b 000 0 eng | ||
| 020 | _a2825409960 | ||
| 035 | _a(NNC)4476580 | ||
| 040 |
_aNNUT _dNNUT _dNjNbS _dNNUT |
||
| 041 | 1 |
_aeng _hger |
|
| 050 |
_aBV8.2 _b.R35 1991 |
||
| 100 | 1 |
_aRaiser, Konrad, _d1938- |
|
| 245 | 1 | 0 |
_aEcumenism in transition : _ba paradigm shift in the ecumenical movement? / _cKonrad Raiser ; [translated from the German by Tony Coates]. |
| 260 |
_aGeneva : _bWCC Publications, _cc1991. |
||
| 300 |
_aviii, 132 p. ; _c22 cm. |
||
| 500 | _aTranslation of: Ökumene im Übergang. | ||
| 504 | _aIncludes bibliographical references (p. [124]-132). | ||
| 650 | 0 | _aEcumenical movement. | |
| 710 | 2 | _aWorld Council of Churches. | |
| 942 |
_2lcc _cBK |
||
| 999 |
_c14083 _d14083 |
||